| 000 | 01217pam a2200325 a 4500 | ||
|---|---|---|---|
| 001 | 4980801 | ||
| 003 | ARRUPE | ||
| 005 | 20131023175955.0 | ||
| 008 | 981001s1998 nyua b 000 0 eng | ||
| 010 | _a 98031722 | ||
| 020 | _a1573922242 (alk. paper) | ||
| 040 |
_aDLC _cDLC _dDLC |
||
| 050 | 0 | 0 |
_aRD120.7 _b.E86 1998 |
| 082 | 0 | 0 |
_a174/.25 _221 |
| 245 | 0 | 4 |
_aThe ethics of organ transplants : _bthe current debate / _cedited by Arthur L. Caplan and Daniel H. Coelho. |
| 260 |
_aAmherst, NY : _bPrometheus Books, _cc1998. |
||
| 300 |
_a350 p. : _bill. ; _c23 cm. |
||
| 490 | 1 | _a[Contemporary issues] | |
| 504 | _a"Bibliography": p. 347-349. | ||
| 504 | _aIncludes bibliographical references. | ||
| 650 | 0 |
_aTransplantation of organs, tissues, etc. _xMoral and ethical aspects. _92957 |
|
| 650 | 0 |
_aMedical ethics. _92958 |
|
| 700 | 1 |
_aCaplan, Arthur L. _92959 |
|
| 700 | 1 |
_aCoelho, Daniel H. _92960 |
|
| 830 | 0 |
_aContemporary issues (Buffalo, N.Y.) _92961 |
|
| 906 |
_a7 _bcbc _corignew _d1 _eocip _f19 _gy-gencatlg |
||
| 942 |
_2lcc _cMONOGRAPH |
||
| 999 |
_c118451 _d118451 |
||